India Quiz-Multiple Choice - Statistics

General Stats
  • This quiz has been taken 44 times
  • The average score is 6 of 10
Answer Stats
Question Answer % Correct
What did India invent? Chess
100%
True or False: Independence Day and Republic Day are the same thing False
100%
True or False: India gained independence in 1947 True
100%
What is Shah Rukh Khan known as? The King of Bollywood
83%
Which one is the Victoria Memorial?
67%
True or False: Sundar Pichai is the CEO of Microsoft False
67%
True or False: You say 1, 2, 3 as char, panch, che False
50%
How many runs did Sachin Tendulkar score in ODI? 18,426
33%
What is Sepoy Mutiny? When the Indians rebelled against the U.K.
33%
What magnitude was the 2004 Indian Ocean Tsunami on the Richter Scale? 9.0
0%
No matching quizzes found
Score Distribution
Percent of People with Each Score
Percentile by Number Answered
Your Score History
You have not taken this quiz